000 00471nam a2200145 a 4500
008 120416s0000 xx |||||||||||||| || u
020 _a007033465X
050 _aTE 200 Kre
100 _aKrebs, Robert D
245 1 0 _aHighway materials
260 _a
_bMcGraw-Hill
_c1971
300 _axvi, 428p. : ill.
350 _a0.00
995 _D0.00
_FCBU-MAIN LIBRARY (Kitwe)
_H1
_I7.20
_M1
_UDAMAGED
_ZMain Library Open Access Collection
999 _c45555
_d45555